000 00819nam a2200181 a 4500
001 000034091
005 20200930070751.0
008 110923s2005 es 000 0 spa d
020 _a8400084055
100 1 _aHeckadon-Moreno, Stanley
_930356
245 1 0 _aEstudios sobre la biodiversidad de la región de Bahía Honda (Veraguas, Panamá) :
_b= studies on the biodiversity of the Bahía Honda region (Veraguas, Panama) /
_cStanley Heckadon-Moreno ; editores Santiago Castroviejo y Alicia Ibañéz.
246 1 0 _aStudies on the biodiversity of the Bahía Honda region (Veraguas, Panama)
260 _aMadrid :
_bConsejo Superior de Investigaciones Científicas,
_c2005.
300 _a834 p. :
_bil., retrs. ;
_c2005.
700 1 _aCastroviejo, Santiago
_959513
700 1 _aIbañéz, Alicia
_959514
999 _c33582
_d33582
040 _aDO-SdBNP